LEADER 01019nam a2200241 4500 001 000000340521 003 CaOOAMICUS 005 20200702120621.0 008 200609s1965 fr a 000 u fre r 040 $aSeMil$bita 100 1 $aRobinet, André,$d<1922- >.$0(OLS)http://semarc/name/5388 245 10$aBergson :$bet les métamorphoses de la durée /$cpar André Robinet. 264 1$aParis :$bÉditions Seghers,$c1965. 300 $a191 p., [4] c. di tav. :$bill. ;$c17 cm 541 0 $aFondo mons. Pasquale Macchi 600 14$aBergson, Henri <1859-1941>.$0(OLS)http://semarc/subject/5584 830 0$aPhilosophes de tous les temps ;$v21.$0(OLS)http://semarc/title/14718 850 $aSeMil 852 $aSeMil$W1$xVenegono$y1$m2P I 937$j220304$B231607$CSeMilBibl$Z2$F231607 $81 941 1 $a9 996 $6245$aBergson :$bet les métamorphoses de la durée$9(OLS)http://semarc/title/429554 996 $6264$aParis :$bÉditions Seghers$9(OLS)http://semarc/publisher/33067 LEADER 01121nam a2200253 i 4500 001 000000060688 003 CaOOAMICUS 005 20140522000000.0 008 140522s1981 it u000 u ita u 013 $a31860 040 $aSeMil$bita 100 1 $aSubilia, Vittorio <1911-1988>.$0(OLS)http://semarc/name/15949 245 13$aIl protestantesimo moderno tra Schleiermacher e Barth /$cVittorio Subilia. 260 $aTorino :$bClaudiana,$ccopyr. 1981. 300 $a141 p. ;$c22 cm. 490 0 $aSola Scriptura : nuovi studi teologici ;$v8 600 14$aBarth, Karl <1886-1968>.$0(OLS)http://semarc/subject/5748 600 14$aSchleiermacher, Friedrick Daniel Ernst.$0(OLS)http://semarc/subject/930 650 4$aTeologia protestante.$0(OLS)http://semarc/subject/720 830 0$aSola Scriptura ;$v8.$0(OLS)http://semarc/title/9376 850 $aSeMil 852 $aSeMil$W1$xVenegono$y1$m2K III 244$j26841$B26841$CSeMilBibl$Z2$F26844 $81 996 $6245$aIl protestantesimo moderno tra Schleiermacher e Barth$9(OLS)http://semarc/title/95177 996 $6260$aTorino :$bClaudiana$9(OLS)http://semarc/publisher/29837